000 00296nam a22001337a 4500
008 170612b xxu||||| |||| 00| 0 eng d
020 _a9780521645959
041 _aeng
080 _a32
100 _a19
101 _aSHP
245 _aCAPITALISM RUSSIAN-STYLE
_cGUSTAFSON, TH
942 _2udc
_cBK
999 _c16920
_d16920